<?xml version="1.0" encoding="UTF-8"?>
<record
    xmlns:xsi="http://www.w3.org/2001/XMLSchema-instance"
    xsi:schemaLocation="http://www.loc.gov/MARC21/slim http://www.loc.gov/standards/marcxml/schema/MARC21slim.xsd"
    xmlns="http://www.loc.gov/MARC21/slim">

  <leader>00396nam a2200145Ia 4500</leader>
  <controlfield tag="008">150201s2011    xx            000 0 und d</controlfield>
  <datafield tag="082" ind1=" " ind2=" ">
    <subfield code="a">617.601</subfield>
    <subfield code="b">P2011S</subfield>
  </datafield>
  <datafield tag="100" ind1=" " ind2=" ">
    <subfield code="a">SOBEN PETER</subfield>
  </datafield>
  <datafield tag="245" ind1=" " ind2=" ">
    <subfield code="a">ESSENTIALS OF PREVENTIVE &amp; COMMUNITY DENTISTRY</subfield>
  </datafield>
  <datafield tag="250" ind1=" " ind2=" ">
    <subfield code="a">4TH</subfield>
  </datafield>
  <datafield tag="260" ind1=" " ind2=" ">
    <subfield code="b">ARYA PUBLICATION</subfield>
    <subfield code="a">DELHI</subfield>
    <subfield code="c">2011</subfield>
  </datafield>
  <datafield tag="300" ind1=" " ind2=" ">
    <subfield code="a">1-615</subfield>
  </datafield>
  <datafield tag="650" ind1=" " ind2=" ">
    <subfield code="a">PREVENTIVE AND COMMUNITY DENTISTRY</subfield>
  </datafield>
  <datafield tag="942" ind1=" " ind2=" ">
    <subfield code="2">ddc</subfield>
    <subfield code="c">BK</subfield>
    <subfield code="0">29</subfield>
  </datafield>
  <datafield tag="952" ind1=" " ind2=" ">
    <subfield code="0">0</subfield>
    <subfield code="1">0</subfield>
    <subfield code="2">ddc</subfield>
    <subfield code="4">0</subfield>
    <subfield code="7">0</subfield>
    <subfield code="a">FD</subfield>
    <subfield code="b">FD</subfield>
    <subfield code="d">2011-11-11</subfield>
    <subfield code="e">U.B.S.DELHI</subfield>
    <subfield code="g">625.00</subfield>
    <subfield code="h">1</subfield>
    <subfield code="i">SGTU</subfield>
    <subfield code="l">1</subfield>
    <subfield code="o">617.601 P2011S</subfield>
    <subfield code="p">FD6512</subfield>
    <subfield code="r">2017-02-14 00:00:00</subfield>
    <subfield code="s">2017-02-14</subfield>
    <subfield code="w">2013-06-07</subfield>
    <subfield code="y">BK</subfield>
    <subfield code="k">514</subfield>
  </datafield>
  <datafield tag="952" ind1=" " ind2=" ">
    <subfield code="0">0</subfield>
    <subfield code="1">0</subfield>
    <subfield code="2">ddc</subfield>
    <subfield code="4">0</subfield>
    <subfield code="7">0</subfield>
    <subfield code="a">FD</subfield>
    <subfield code="b">FD</subfield>
    <subfield code="d">2011-11-11</subfield>
    <subfield code="e">U.B.S.DELHI</subfield>
    <subfield code="g">625.00</subfield>
    <subfield code="h">1</subfield>
    <subfield code="i">SGTU</subfield>
    <subfield code="l">24</subfield>
    <subfield code="m">1</subfield>
    <subfield code="o">617.601 P2011S</subfield>
    <subfield code="p">FD6513</subfield>
    <subfield code="r">2026-05-22 10:58:06</subfield>
    <subfield code="s">2026-05-22</subfield>
    <subfield code="w">2013-06-07</subfield>
    <subfield code="y">BK</subfield>
    <subfield code="k">514</subfield>
  </datafield>
  <datafield tag="952" ind1=" " ind2=" ">
    <subfield code="0">0</subfield>
    <subfield code="1">0</subfield>
    <subfield code="2">ddc</subfield>
    <subfield code="4">0</subfield>
    <subfield code="7">0</subfield>
    <subfield code="a">FD</subfield>
    <subfield code="b">FD</subfield>
    <subfield code="d">2011-11-11</subfield>
    <subfield code="e">U.B.S.DELHI</subfield>
    <subfield code="g">625.00</subfield>
    <subfield code="h">1</subfield>
    <subfield code="i">SGTU</subfield>
    <subfield code="l">25</subfield>
    <subfield code="o">617.601 P2011S</subfield>
    <subfield code="p">FD6514</subfield>
    <subfield code="r">2026-05-11 00:00:00</subfield>
    <subfield code="s">2026-05-11</subfield>
    <subfield code="w">2013-06-07</subfield>
    <subfield code="y">BK</subfield>
    <subfield code="k">514</subfield>
  </datafield>
  <datafield tag="952" ind1=" " ind2=" ">
    <subfield code="0">0</subfield>
    <subfield code="1">0</subfield>
    <subfield code="2">ddc</subfield>
    <subfield code="4">0</subfield>
    <subfield code="7">0</subfield>
    <subfield code="a">FD</subfield>
    <subfield code="b">FD</subfield>
    <subfield code="d">2011-11-11</subfield>
    <subfield code="e">U.B.S.DELHI</subfield>
    <subfield code="g">625.00</subfield>
    <subfield code="h">1</subfield>
    <subfield code="i">SGTU</subfield>
    <subfield code="l">34</subfield>
    <subfield code="o">617.601 P2011S</subfield>
    <subfield code="p">FD6515</subfield>
    <subfield code="r">2026-06-03 11:52:45</subfield>
    <subfield code="s">2026-06-02</subfield>
    <subfield code="w">2013-06-07</subfield>
    <subfield code="y">BK</subfield>
    <subfield code="k">514</subfield>
  </datafield>
  <datafield tag="952" ind1=" " ind2=" ">
    <subfield code="0">0</subfield>
    <subfield code="1">0</subfield>
    <subfield code="2">ddc</subfield>
    <subfield code="4">0</subfield>
    <subfield code="7">0</subfield>
    <subfield code="a">FD</subfield>
    <subfield code="b">FD</subfield>
    <subfield code="d">2011-11-11</subfield>
    <subfield code="e">U.B.S.DELHI</subfield>
    <subfield code="g">625.00</subfield>
    <subfield code="h">1</subfield>
    <subfield code="i">SGTU</subfield>
    <subfield code="l">61</subfield>
    <subfield code="o">617.601 P2011S</subfield>
    <subfield code="p">FD6516</subfield>
    <subfield code="r">2025-08-13 00:00:00</subfield>
    <subfield code="s">2025-08-13</subfield>
    <subfield code="w">2013-06-07</subfield>
    <subfield code="y">BK</subfield>
    <subfield code="k">514</subfield>
  </datafield>
  <datafield tag="952" ind1=" " ind2=" ">
    <subfield code="0">0</subfield>
    <subfield code="1">0</subfield>
    <subfield code="2">ddc</subfield>
    <subfield code="4">0</subfield>
    <subfield code="7">0</subfield>
    <subfield code="a">FD</subfield>
    <subfield code="b">FD</subfield>
    <subfield code="d">2011-11-11</subfield>
    <subfield code="e">U.B.S.DELHI</subfield>
    <subfield code="g">625.00</subfield>
    <subfield code="h">1</subfield>
    <subfield code="i">SGTU</subfield>
    <subfield code="l">9</subfield>
    <subfield code="o">617.601 P2011S</subfield>
    <subfield code="p">FD6517</subfield>
    <subfield code="r">2026-05-04 00:00:00</subfield>
    <subfield code="s">2026-05-04</subfield>
    <subfield code="w">2013-06-07</subfield>
    <subfield code="y">BK</subfield>
    <subfield code="k">514</subfield>
  </datafield>
  <datafield tag="952" ind1=" " ind2=" ">
    <subfield code="0">0</subfield>
    <subfield code="1">0</subfield>
    <subfield code="2">ddc</subfield>
    <subfield code="4">0</subfield>
    <subfield code="7">0</subfield>
    <subfield code="a">FD</subfield>
    <subfield code="b">FD</subfield>
    <subfield code="d">2011-11-11</subfield>
    <subfield code="e">U.B.S.DELHI</subfield>
    <subfield code="g">625.00</subfield>
    <subfield code="h">1</subfield>
    <subfield code="i">SGTU</subfield>
    <subfield code="l">25</subfield>
    <subfield code="o">617.601 P2011S</subfield>
    <subfield code="p">FD6518</subfield>
    <subfield code="r">2026-05-11 00:00:00</subfield>
    <subfield code="s">2026-05-11</subfield>
    <subfield code="w">2013-06-07</subfield>
    <subfield code="y">BK</subfield>
    <subfield code="k">514</subfield>
  </datafield>
  <datafield tag="999" ind1=" " ind2=" ">
    <subfield code="c">4678</subfield>
    <subfield code="d">4678</subfield>
  </datafield>
</record>
